|
|
|
|
| LEADER |
00974ncm a22002532a 4500 |
| 001 |
001268343 |
| 003 |
CZ BrMZK |
| 005 |
20150424101838.0 |
| 007 |
qu |
| 008 |
121129s1910 gw |||||||||||||||||zxx d |
| 040 |
|
|
|a BOA001
|b cze
|
| 072 |
|
7 |
|a 786
|x Hudba pro klávesové nástroje
|2 Konspekt
|9 9
|
| 100 |
1 |
|
|a Fuchs, Robert,
|d 1847-1927
|7 ola2002107466
|4 cmp
|4 arr
|
| 245 |
1 |
0 |
|a Serenade No. 4, Op. 51
|h [hudebnina] :
|b für Streichorchester und 2 Hörner : Klavierauszug zu 4 Händen von Componisten /
|c von Robert Fuchs
|
| 260 |
|
|
|a Leipzig :
|b Josef Weinberger,
|c [1910?]
|
| 300 |
|
|
|a 1 partitura (37 s.)
|
| 490 |
1 |
|
|a Universal-Edition ;
|v Nr. 418
|
| 500 |
|
|
|a Převzato do Universal-Edition
|
| 510 |
4 |
|
|a [Winiker, C.: Haupt-Katalog der Musikalien-Leih-Anstalt,
|c 49851]
|
| 830 |
|
0 |
|a Universal-Edition
|
| 910 |
|
|
|a BOA001
|b Mus4-0219.655
|
| 990 |
|
|
|a MU
|
| 991 |
|
|
|b 201211
|
| 996 |
6 |
|
|b 2619493927
|c Mus4-0219.655
|l MZK
|r Sklad / do 1 hodiny
|n 0
|p W
|w 001302457
|u 000010
|a 1
|e BOA001
|j MZK50
|s P
|